Plants, people and places : recent studies in phytolith analysis /

محفوظ في:

مؤلف مشترك: International Meeting on Phytolith Research (4th : 2002 : Cambridge, England)

مؤلفون آخرون: Madella, Marco., Zurro, Débora.

التنسيق: وقائع المؤتمر كتاب

اللغة: English

منشور في: Oxford : Oxbow, Oakville, CT : [Distributed in the USA by] David Brown Book Co., c2007.

الموضوعات:

الوسوم: إضافة وسم

لا توجد وسوم, كن أول من يضع وسما على هذه التسجيلة!

رقم الطلب: QK898 .P677 P63 2002

LEADER 01090nam a22002897a 4500
003 OSt
005 20251117131445.0
008 251117t2007 enkab ob 100 0 eng d
020 |a 9781842172452 
040 |c ARCE Library 
050 1 4 |a QK898 .P677  |b P63 2002 
111 2 |a International Meeting on Phytolith Research (4th : 2002 : Cambridge, England) 
245 1 0 |a Plants, people and places :   |b recent studies in phytolith analysis /   |c edited by Marco Madella and Débora Zurro. 
264 1 |a Oxford :   |a Oxbow, Oakville, CT :   |b [Distributed in the USA by] David Brown Book Co.,   |c c2007. 
300 |a vi, 237 pages :  |b illustrations, maps ;  |c 31 cm. 
336 |2 rdacontent  |a text  |b txt 
337 |2 rdamedia  |a unmediated  |b n 
338 |2 rdacarrier  |a volume  |b n 
504 |a Includes bibliographical references (pages 219-233). 
650 0 |a Paleoecology -- Congresses. 
650 0 |a Plant remains (Archaeology) -- Congresses. 
650 0 |a Phytoliths -- Congresses. 
700 1 |a Madella, Marco. 
700 1 |a Zurro, Débora. 
901 |a reviewed 
942 |2 lcc  |c BK 
999 |c 48734  |d 48734